00721nam a2200181 a 450000100100000000500170001000800410002702000180006804000250008610000350011124501780014625000110032426000400033530000210037550000700039650000420046650400310050800003982820201002033746.0130724s2012 dr 000 0 spa d a9789945455656 aDO-SdBNPbspacBNPHU1 aFigarella García, Frances V.10aDe " ¡Escucha! ¡Copia! ¡Repite!" a "Investiga! ¡Comparte! ¡Crea! :bel enfoque constructivista y las interaciones en la sala de clases /cFrances V. Figarella García. a2a ed. aSanto Domingo :bIsla Negra,c2012. a107 p. ;c23 cm. aIncluye datos biográficos del autor en la solapa de la cubierta aIncluye notas al pie de las páginas aBibliografía : p. 97-107